| 000 -LEADER |
| fixed length control field |
00370 a2200157 4500 |
| 003 - CONTROL NUMBER IDENTIFIER |
| control field |
OSt |
| 005 - DATE AND TIME OF LATEST TRANSACTION |
| control field |
20240713120050.0 |
| 008 - FIXED-LENGTH DATA ELEMENTS--GENERAL INFORMATION |
| fixed length control field |
240713b ||||| |||| 00| 0 eng d |
| 020 ## - INTERNATIONAL STANDARD BOOK NUMBER |
| International Standard Book Number |
9781941806241 |
| 082 ## - DEWEY DECIMAL CLASSIFICATION NUMBER |
| Classification number |
720.954 |
| 100 ## - MAIN ENTRY--PERSONAL NAME |
| Personal name |
Anuradha Mathur and Dilip da Cunha |
| 245 ## - TITLE STATEMENT |
| Title |
Design in the Terrain of Water |
| 260 ## - PUBLICATION, DISTRIBUTION, ETC. (IMPRINT) |
| Date of publication, distribution, etc |
2014 |
| 300 ## - PHYSICAL DESCRIPTION |
| Extent |
217p; |
| 942 ## - ADDED ENTRY ELEMENTS (KOHA) |
| Source of classification or shelving scheme |
|